000 00458nam a2200181 i 4500
001 bg
245 0 _aĆwiczenia laboratoryjne z fizyki /
_cpod red.T. Dryńskiego.
250 _aWyd.3 popr. i uzup.
260 _aWarszawa,
_c1963.
650 9 _aFizyka
655 _aĆwiczenia i zadania
700 1 _aDryński, Tadeusz.
_eRed.
040 _cBPK
041 _apol
080 _a53(075.8)(076)
942 _cKS
008 s pl f |000 0 pol
999 _c1656
_d1656
856 _uhttp://koha.tu.koszalin.pl/cgi-bin/koha/opac-detail.pl?biblionumber=1656
_yKatalog online BPK